| 000 | 01909nam0a2200349 i 4500 | ||
|---|---|---|---|
| 001 | RU\NLR\bibl\2004072 | ||
| 005 | 20260406021054.0 | ||
| 010 |
_a9785988112372 _91000 |
||
| 021 |
_aRU _b2013-7113 _9510 |
||
| 035 | _a(NLR Aleph) 001992755 | ||
| 090 |
_a4248296 _c4248296 |
||
| 100 | _a20130222d2013 k y0rusy50 ca | ||
| 101 | 1 |
_arus _ceng |
|
| 102 | _aRU | ||
| 105 | _ay ||||||||| | ||
| 200 | 1 |
_aЭтическая и правовая сторона проведения клинических исследований _dEthical and regulatory aspects of clinical research _eсборник статей и комментариев _fИезекииль Дж. Эмануэль, M.D., Ph.D, Роберт А. Крауч, преп., Джон Д. Аррас, Ph.D [и др.] _gпер. с англ. под ред. В.В. Власова _zeng |
|
| 210 |
_aМосква _cПрактическая медицина _d2013 |
||
| 215 |
_aXXX, 493 с. _d28 |
||
| 300 | _aАвт. также на англ. яз.: Ezekiel J. Emanuel, Robert A. Crouch, John D. Arras [et al.] | ||
| 300 | _aНа обл. 1-й авт.: Иезекиил Дж. Эммануэль, 2-й авт.: Роберт А. Краун | ||
| 320 | _aБиблиогр.: с. 5 (20 назв.) и в подстроч. примеч. | ||
| 510 | 0 |
_aEthical and regulatory aspects of clinical research _zeng |
|
| 606 |
_aМедицинская помощь платная _xПравовое регулирование _91120808 _3RU\NLR\auth\66444056 |
||
| 686 | _aХ811.4 | ||
| 701 | 1 |
_4070 _8rus _7ca _aЭмануэль _bИ. Дж. _f1957- _gИезекииль Дж. _3RU\NLR\auth\77122561 _9105486 |
|
| 701 | 1 |
_4070 _8rus _7ca _aКрауч _bР. А. _gРоберт А. _3RU\NLR\auth\77122570 _9105495 |
|
| 701 | 1 |
_aАррас _bД. Д. _gДжон Д. _4070 |
|
| 801 | 0 |
_aRU _bNLR _c20130222 _gRCR |
|
| 801 | 1 |
_aRU _bNLR _c20130222 |
|
| 942 | _cBOOK | ||
| 980 | _aNBR | ||